000 00463nam a22001697a 4500
999 _c8077
_d8077
003 OSt
005 20230215174200.0
008 230215b ||||| |||| 00| 0 eng d
040 _cMUST
_dMUST
082 _222
_a004 WIL
100 _4Wilmshurst, Tim
245 _aDesigning Embedded Systems with PIC Microcontrollers:
_bPrinciples and Applications.
250 _a2nd.ed.
260 _aNew York
_bElsevier
_c2010
300 _axxix,661p.
_c24cm.
942 _2ddc
_cBOOK